000 00345nam a2200133Ia 4500
005 20260326235459.0
008 260326s9999||||xx |||||||||||||| ||und||
100 _aDuis, Perry
245 0 _aChicago :
_b Creating new traditions /
_cPerry Duis
260 _bChicago Historical Society
300 _a144 p.
650 _aDISEÑO URBANO
942 _cBK
999 _c8034
_d8034